UM Logo

General sociology/ (Record no. 11898)

MARC details
000 -LEADER
fixed length control field 00621nam a22001817a 4500
008 - FIXED-LENGTH DATA ELEMENTS--GENERAL INFORMATION
fixed length control field 190111b ||||| |||| 00| 0 eng d
020 ## - INTERNATIONAL STANDARD BOOK NUMBER
International Standard Book Number 971-707-102-0
082 ## - DEWEY DECIMAL CLASSIFICATION NUMBER
Edition number ©2002
Classification number DFil 301.599
Item number Z849
100 ## - MAIN ENTRY--PERSONAL NAME
Personal name Zulueta, Francisco M.
9 (RLIN) 33837
245 ## - TITLE STATEMENT
Title General sociology/
Statement of responsibility, etc. Francisco M. Zulueta
250 ## - EDITION STATEMENT
Edition statement Revised edition
260 ## - PUBLICATION, DISTRIBUTION, ETC. (IMPRINT)
Place of publication, distribution, etc. Mandaluyong City:
Name of publisher, distributor, etc. Academic Publishing Corporation,
Date of publication, distribution, etc. ©2002
300 ## - PHYSICAL DESCRIPTION
Extent vii, 233 pages:
Other physical details illustrations;
Dimensions 25 cm.
500 ## - GENERAL NOTE
General note Includes bibliographical references, glossary and index.
650 ## - SUBJECT ADDED ENTRY--TOPICAL TERM
Topical term or geographic name as entry element Sociology
Geographic subdivision Philippines
9 (RLIN) 33838
365 ## - TRADE PRICE
Price amount 240.00
Currency code Php.
942 ## - ADDED ENTRY ELEMENTS (KOHA)
Source of classification or shelving scheme Dewey Decimal Classification
Koha item type Filipiniana
Holdings
Withdrawn status Lost status Source of classification or shelving scheme Damaged status Not for loan Collection code Home library Current library Source of acquisition Cost, normal purchase price Total Checkouts Full call number Barcode Date last seen Copy number Price effective from Koha item type
    Dewey Decimal Classification     Filipiniana UM Digos College - LIC UM Digos College - LIC Purchased 240.00   DFil 301.599 Z849 2002 18675 05/15/2025 2 01/11/2019 Filipiniana